000 00723nam a22002537a 4500
001 BR7316176
003 BR-BrBNA
005 20230928084323.0
007 ta
008 230509b bl.||||| |||| 00| 0 por d
040 _aBR-BrBNA
_bpor
_cBiblioteca Nacional de Agricultura
041 _a(Por)
072 _aQ10
_b9000
090 _ 9000 BR7316176
100 1 _aLima Sobrinho, A.J.B.
110 1 _aConselho Federal de Comercio Exterior, Rio de Janeiro, GB (Brasil)
_92630
245 1 _aIndustria de desidratacao de produtos alimentares
260 3 _aRio de Janeiro, GB (Brasil):
_c1944.
300 _a38 p.
650 _aALIMENTO
650 _aDESIDRATACAO
909 _a202309
_bLucia
_c55
_dLucia Elande
942 _cBK
999 _c18149
_d18149